00533ntaaa2200181 45000030003000000050017000030080021000200400037000410820017000781000021000952450035001162500010001512600055001613000010002165000090002266500017003166500018003330120251027202034.00714s1973 ag 01  aAR-BaBNbspacAR-BaBNeaacrdRIC a251.0000 B78 aBroadus, Juan A  aTratado sobre la predicación a1 ed. aEl Paso : bCasa Bautista de Publicaciones, c1951 a332 p aEj.1 (2297) retirado definitivamente 1976Ej. 10 (14201) falta según inventario 1976 ahomilética apredicación